Recast of the Energy Performance of Buildings Directive (Record no. 114847)

MARC details
000 -LEADER
fixed length control field 01577cad a22002535a 4500
001 - CONTROL NUMBER
control field L157577
008 - FIXED-LENGTH DATA ELEMENTS--GENERAL INFORMATION
fixed length control field 130128s2013 xxk f 000 0 eng d
035 ## - SYSTEM CONTROL NUMBER
System control number (Sirsi) u157577
041 0# - LANGUAGE CODE
Language code of text/sound track or separate title eng
110 2# - MAIN ENTRY--CORPORATE NAME
Corporate name or jurisdiction name as entry element United Kingdom
Subordinate unit Department for Communities and Local Government
9 (RLIN) 4939
245 00 - TITLE STATEMENT
Title Recast of the Energy Performance of Buildings Directive
Remainder of title Impact assessment
Medium [electronic resource]
260 ## - PUBLICATION, DISTRIBUTION, ETC.
Place of publication, distribution, etc. London
Name of publisher, distributor, etc. DCLG
Date of publication, distribution, etc. 2013
520 ## - SUMMARY, ETC.
Summary, etc. Details changes made to the Energy Performance of Building Regulations 2007 to transpose the requirements of a recast of the Energy Performance of Buildings Directive in England and Wales. The main requirements will be introduced on 9 January 2013 and include property advertisements to include details of energy performance certificate rating where available and there is no longer a requirement to attach front page of the energy performance certificate to written material.
590 ## - LOCAL NOTE (RLIN)
Local note KA
650 24 - SUBJECT ADDED ENTRY--TOPICAL TERM
Topical term or geographic name entry element EU DIRECTIVE 2010/31/EU
650 24 - SUBJECT ADDED ENTRY--TOPICAL TERM
Topical term or geographic name entry element ENERGY PERFORMANCE OF BUILDINGS (ENGLAND AND WALES) REGULATIONS 2012
651 #4 - SUBJECT ADDED ENTRY--GEOGRAPHIC NAME
Geographic name ENGLAND AND WALES
690 ## - LOCAL SUBJECT ADDED ENTRY--TOPICAL TERM (OCLC, RLIN)
Topical term or geographic name as entry element Energy
9 (RLIN) 6237
690 ## - LOCAL SUBJECT ADDED ENTRY--TOPICAL TERM (OCLC, RLIN)
Topical term or geographic name as entry element Sustainability
9 (RLIN) 6271
690 ## - LOCAL SUBJECT ADDED ENTRY--TOPICAL TERM (OCLC, RLIN)
Topical term or geographic name as entry element Environment
9 (RLIN) 6238
856 40 - ELECTRONIC LOCATION AND ACCESS
Uniform Resource Identifier <a href="https://www.gov.uk/government/uploads/system/uploads/attachment_data/file/39379/Impact_Assessment.pdf">https://www.gov.uk/government/uploads/system/uploads/attachment_data/file/39379/Impact_Assessment.pdf</a>
Public note For the impact assessment
-- View the impact assessment free of charge at www.gov.uk
856 40 - ELECTRONIC LOCATION AND ACCESS
Uniform Resource Identifier <a href="https://www.gov.uk/government/publications/improving-the-energy-efficiency-of-our-buildings">https://www.gov.uk/government/publications/improving-the-energy-efficiency-of-our-buildings</a>
Public note View the general documentation free of charge at www.gov.uk
942 ## - ADDED ENTRY ELEMENTS (KOHA)
Suppress in OPAC 0
Holdings
Withdrawn status Lost status Source of classification or shelving scheme Damaged status Not for loan Home library Current library Shelving location Date acquired Total Checkouts Full call number Barcode Date last seen Copy number Price effective from Koha item type
    Dewey Decimal Classification     Virtual Virtual Online 28/01/2013   ONLINE PUBLICATION 157577-2001 06/08/2019 1 06/08/2019 Book